[Event "BCF-chT2 1718 (4NCL) Promotion pool"]
[Site "England"]
[Date "2018.05.05"]
[Round "9.28"]
[White "Manelidou, Maria"]
[Black "Gregory, Stephen J"]
[Result "0-1"]
[WhiteElo "2094"]
[BlackElo "2095"]
[PlyCount "94"]
[EventDate "2017.11.11"]
[EventType "team-tourn"]
[EventRounds "11"]
[EventCountry "ENG"]
[SourceTitle "EXT 2020"]
[Source "ChessBase"]
[SourceDate "2019.10.17"]
[SourceVersion "1"]
[SourceVersionDate "2019.10.17"]
[SourceQuality "1"]
[WhiteTeam "Wood Green Monarchs"]
[BlackTeam "Anglian Avengers"]
[WhiteTeamCountry "ENG"]
[BlackTeamCountry "ENG"]

1. e4 d5 2. exd5 Qxd5 3. Nf3 Nf6 4. d4 c6 5. Be2 Bf5 6. 0-0 e6 7. c4 Qd8 8. Nc3 Be7 9. Be3 0-0 10. Nh4 Bg6 11. Nxg6 hxg6 12. Qb3 Qc7 13. Rac1 Nbd7 14. Rfd1 Rfe8 15. d5 Bd6 16. g3 Nc5 17. Qc2 a5 18. Bf3 Rad8 19. a3 Ncd7 20. Bg2 exd5 21. cxd5 Rxe3 22. fxe3 Bc5 23. Re1 Ng4 24. Nd1 Qb6 25. Kh1 cxd5 26. Bxd5 Re8 27. e4 Ngf6 28. Nc3 Be3 29. Rcd1 Ne5 30. Kg2 Rc8 31. Qd2 Bh6 32. h3 Kh7 33. Qf2 Qc7 34. Bb3 Qe7 35. Nd5 Nxd5 36. Rxd5 f6 37. Red1 Qc7 38. Qa7 Nc6 39. Qc5 Re8 40. Rd7 Qb8 41. Qd6 Qxd6 42. R1xd6 Rxe4 43. Rxb7 Nd4 44. Rd8 Re2+ 45. Kf1 Be3 46. Bd5 Rf2+ 47. Ke1 Nc2+ 0-1

[Event "BCF-chT2b 1718 (4NCL)"]
[Site "England"]
[Date "2018.02.10"]
[Round "5.57"]
[White "Coathup, Roger"]
[Black "Gregory, Stephen J"]
[Result "1-0"]
[WhiteElo "2177"]
[BlackElo "2140"]
[PlyCount "67"]
[EventDate "2017.11.11"]
[EventType "team-tourn"]
[EventRounds "7"]
[EventCountry "ENG"]
[SourceTitle "EXT 2020"]
[Source "ChessBase"]
[SourceDate "2019.10.17"]
[SourceVersion "1"]
[SourceVersionDate "2019.10.17"]
[SourceQuality "1"]
[WhiteTeam "North East England"]
[BlackTeam "Anglian Avengers"]
[WhiteTeamCountry "ENG"]
[BlackTeamCountry "ENG"]

1. d4 Nf6 2. c4 Nc6 3. Nf3 d6 4. Nc3 e5 5. d5 Ne7 6. e4 Ng6 7. g3 Be7 8. Bg2 0-0 9. Nd2 c6 10. Nf1 cxd5 11. cxd5 Bd7 12. Ne3 b5 13. 0-0 b4 14. Nb1 Bb5 15. Re1 Qb8 16. a4 bxa3 17. Nxa3 Nd7 18. b4 Rc8 19. h4 Bf6 20. Nf5 Bc4 21. Bd2 Nb6 22. Rc1 Ne7 23. Ne3 Ba6 24. Qb3 g6 25. b5 Bb7 26. Nac4 Nd7 27. Bb4 Nc5 28. Qa3 a5 29. Bxc5 Rxc5 30. Nb6 Nc8 31. Nd7 Rxc1 32. Rxc1 Qa7 33. Nxf6+ Kg7 34. Ne8+ 1-0

[Event "BCF-chT2b 1718 (4NCL)"]
[Site "England"]
[Date "2018.01.14"]
[Round "4.88"]
[White "Gregory, Stephen J"]
[Black "Stimpson, Philip M"]
[Result "0-1"]
[WhiteElo "2140"]
[BlackElo "1925"]
[PlyCount "66"]
[EventDate "2017.11.11"]
[EventType "team-tourn"]
[EventRounds "7"]
[EventCountry "ENG"]
[SourceTitle "EXT 2020"]
[Source "ChessBase"]
[SourceDate "2019.10.17"]
[SourceVersion "1"]
[SourceVersionDate "2019.10.17"]
[SourceQuality "1"]
[WhiteTeam "Anglian Avengers"]
[BlackTeam "Guildford III"]
[WhiteTeamCountry "ENG"]
[BlackTeamCountry "ENG"]

1. e4 Nc6 2. Bb5 e5 3. d3 Bc5 4. c3 Qe7 5. b4 Bb6 6. Nf3 Nxb4 7. 0-0 Nc6 8. d4 exd4 9. cxd4 Qb4 10. a4 Nxd4 11. Ba3 Nxf3+ 12. Qxf3 Qd4 13. Nc3 Qf6 14. Qd3 Ne7 15. e5 Qg6 16. Ne4 a6 17. Bc4 Nc6 18. Rfe1 Nxe5 19. Nc3 d6 20. Rxe5+ dxe5 21. Qe2 Be6 22. Bd3 Qg4 23. Qc2 0-0-0 24. h3 Qg3 25. Bf1 Qg6 26. Qe2 Bxh3 27. Rc1 Rhe8 28. a5 Bd4 29. Na4 Bd7 30. Nb6+ Kb8 31. Nd5 Bb5 32. Qf3 e4 33. Qb3 Bxf2+ 0-1

[Event "BCF-chT4S 1617 (4NCL)"]
[Site "England"]
[Date "2017.04.30"]
[Round "10.41"]
[White "Gregory, Stephen J"]
[Black "Taylor, William J"]
[Result "0-1"]
[WhiteElo "2095"]
[BlackElo "2035"]
[PlyCount "74"]
[EventDate "2016.11.26"]
[EventType "team-swiss"]
[EventRounds "11"]
[EventCountry "ENG"]
[SourceTitle "EXT 2019"]
[Source "ChessBase"]
[SourceDate "2018.10.10"]
[SourceVersion "1"]
[SourceVersionDate "2018.10.10"]
[SourceQuality "1"]
[WhiteTeam "Anglian Avengers III"]
[BlackTeam "West is Best II"]
[WhiteTeamCountry "ENG"]
[BlackTeamCountry "WLS"]

1. e4 e5 2. Bc4 Nf6 3. Qe2 Bc5 4. Nf3 0-0 5. d3 c6 6. c3 Re8 7. Nbd2 d5 8. Bb3 a5 9. h3 a4 10. Bc2 Nbd7 11. Nf1 Nf8 12. g3 Ng6 13. Nh4 Nxh4 14. gxh4 Be6 15. Ng3 Kh8 16. h5 h6 17. f4 exf4 18. Bxf4 dxe4 19. dxe4 Bd6 20. Bxd6 Qxd6 21. e5 Qc7 22. 0-0-0 Bxa2 23. Rhe1 Bb3 24. Nf5 Bxc2 25. Kxc2 Nd5 26. Qg4 Rg8 27. e6 Rae8 28. exf7 Qxf7 29. Kb1 Nxc3+ 30. bxc3 Qb3+ 31. Ka1 Qxc3+ 32. Ka2 Qb3+ 33. Ka1 Qc3+ 34. Ka2 Rxe1 35. Rxe1 Qxe1 36. h4 Qd2+ 37. Kb1 a3 0-1

[Event "BCF-chT3Sb 1617 (4NCL)"]
[Site "England"]
[Date "2017.02.11"]
[Round "5.64"]
[White "Gregory, Stephen J"]
[Black "Paul, Nathanael"]
[Result "0-1"]
[WhiteElo "2072"]
[BlackElo "2005"]
[PlyCount "138"]
[EventDate "2016.11.26"]
[EventType "team-tourn"]
[EventRounds "11"]
[EventCountry "ENG"]
[SourceTitle "EXT 2019"]
[Source "ChessBase"]
[SourceDate "2018.10.10"]
[SourceVersion "1"]
[SourceVersionDate "2018.10.10"]
[SourceQuality "1"]
[WhiteTeam "Anglian Avengers II"]
[BlackTeam "Shropshire"]
[WhiteTeamCountry "ENG"]
[BlackTeamCountry "ENG"]

1. e4 c6 2. d4 d5 3. Nc3 dxe4 4. Nxe4 Bf5 5. Ng3 Bg6 6. Nf3 Nd7 7. Be2 Ngf6 8. 0-0 e6 9. c4 Be7 10. Bd2 0-0 11. Bc3 Qc7 12. Re1 Rfe8 13. b4 Rad8 14. Qb3 Bd6 15. Rad1 Bf4 16. Bd3 Ng4 17. Bxg6 hxg6 18. Bd2 Ndf6 19. Qc2 e5 20. Bxf4 exf4 21. Nf1 Qd7 22. h3 Nh6 23. N1d2 Qf5 24. Qxf5 Nxf5 25. Nb3 Ne4 26. Rc1 f6 27. Red1 Re7 28. a4 a6 29. Kf1 g5 30. b5 axb5 31. axb5 cxb5 32. cxb5 Rd5 33. Rc8+ Kh7 34. b6 Rd6 35. Rc7 Rxb6 36. Rxe7 Nxe7 37. Nc5 Nc3 38. Rc1 Ncd5 39. Nd2 Rc6 40. Nd3 Kg6 41. g4 fxg3 42. fxg3 Rxc1+ 43. Nxc1 b5 44. Ncb3 f5 45. Ke2 Nc8 46. Kf3 Nd6 47. g4 Kf6 48. Nc5 Nc4 49. Ndb3 g6 50. Nd7+ Ke7 51. Ndc5 Nf6 52. Nd3 Kd6 53. Nb4 Ne4 54. Ke2 Nb6 55. Nd3 Nd5 56. Kf3 Ne7 57. Ne5 Kd5 58. Ke3 Nd6 59. Kd3 f4 60. Nf3 Ne4 61. Ne5 b4 62. Ke2 Nc6 63. Nxc6 Kxc6 64. Kf3 Kd5 65. h4 gxh4 66. Kxf4 g5+ 67. Kf3 Nf6 68. Nc5 Kxd4 69. Ne6+ Kd3 0-1

[Event "BCF-chT2c 1516 (4NCL)"]
[Site "England"]
[Date "2016.05.02"]
[Round "11.227"]
[White "Gregory, Stephen J"]
[Black "Way, Julian M"]
[Result "0-1"]
[WhiteElo "2117"]
[BlackElo "2005"]
[PlyCount "38"]
[EventDate "2015.11.14"]
[EventType "team-swiss"]
[EventRounds "11"]
[EventCountry "ENG"]
[SourceTitle "EXT 2017"]
[Source "ChessBase"]
[SourceDate "2016.10.25"]
[SourceVersion "1"]
[SourceVersionDate "2016.10.25"]
[SourceQuality "1"]
[WhiteTeam "Anglian Avengers"]
[BlackTeam "Celtic Tigers"]
[WhiteTeamCountry "ENG"]
[BlackTeamCountry "ENG"]

1. e4 d6 2. d4 Nf6 3. Nc3 e5 4. Nf3 Nbd7 5. Be2 Be7 6. h3 0-0 7. Be3 Re8 8. Qd2 Bf8 9. d5 c6 10. dxc6 bxc6 11. g4 d5 12. exd5 cxd5 13. Nxd5 Bb7 14. Nxf6+ Qxf6 15. g5 Qc6 16. Rg1 Nc5 17. 0-0-0 Rac8 18. c3 Qa4 19. Kb1 Be4+ 0-1

[Event "Southend op 60th"]
[Site "Southend"]
[Date "2016.03.25"]
[Round "1"]
[White "Gregory, Stephen J"]
[Black "Pert, Richard G"]
[Result "1/2-1/2"]
[WhiteElo "2042"]
[BlackElo "2448"]
[PlyCount "231"]
[EventDate "2016.03.25"]
[EventType "swiss"]
[EventRounds "7"]
[EventCountry "ENG"]
[SourceTitle "CBM 171 Extra"]
[Source "ChessBase"]
[SourceDate "2016.04.26"]
[SourceVersion "1"]
[SourceVersionDate "2016.04.26"]
[SourceQuality "1"]

1. e4 e6 2. d4 d5 3. e5 c5 4. c3 Nc6 5. Nf3 Bd7 6. Be2 Nge7 7. 0-0 Nf5 8. Bd3 cxd4 9. Bxf5 exf5 10. cxd4 Be7 11. Nc3 Be6 12. Ne1 Qb6 13. Nc2 Rc8 14. Re1 0-0 15. Rb1 Nb4 16. Nxb4 Bxb4 17. Qd3 Rc4 18. Rd1 Bxc3 19. bxc3 Rxc3 20. Rxb6 Rxd3 21. Rxd3 axb6 22. Rb3 Rc8 23. Be3 Rc6 24. h4 Kf8 25. a4 Ke8 26. h5 Kd7 27. Bd2 Rc4 28. Rxb6 Rxd4 29. Bb4 Kc8 30. a5 Rh4 31. Bf8 Rxh5 32. Bxg7 Rh4 33. a6 bxa6 34. Rxa6 Kb7 35. Rd6 Rc4 36. Kf1 Kc7 37. f3 Rc2 38. Bh6 Ra2 39. Be3 h5 40. Kg1 h4 41. Bf2 Re2 42. f4 Re4 43. Bxh4 Rxf4 44. Bd8+ Kc8 45. g3 Rg4 46. Kf2 f4 47. Bh4 fxg3+ 48. Bxg3 Ra4 49. Kf3 Bd7 50. Bf4 Bf5 51. Kg3 d4 52. Bd2 d3 53. Kf3 Kc7 54. Rf6 Be6 55. Rf4 Ra3 56. Ke3 Kc6 57. Rd4 Bf5 58. Rf4 Be6 59. Rd4 Bf5 60. Rf4 Bg6 61. Rf6+ Kd5 62. e6 Ra6 63. Bc3 Rxe6+ 64. Rxe6 Kxe6 65. Ba5 Kf6 66. Bd8+ Ke5 67. Ba5 Kd5 68. Bd8 Kc4 69. Bf6 Kb3 70. Kd2 Be4 71. Bg5 Bh7 72. Bh6 Kc4 73. Be3 Kd5 74. Ba7 Ke4 75. Bb6 Kf3 76. Ke1 Be4 77. Ba7 Bb7 78. Bb6 Ba6 79. Ba7 Bc4 80. Bb6 Be6 81. Ba7 Ke4 82. Kd2 Bg4 83. Bb6 Be2 84. Ba7 f5 85. Bb6 Kf3 86. Ke1 Kg2 87. Ba7 f4 88. Bb6 Bh5 89. Ba7 Kf3 90. Bb6 Ke4 91. Ba7 Kd5 92. Bb8 f3 93. Ba7 Kc6 94. Kd2 Bg6 95. Bf2 Kd6 96. Ba7 Ke6 97. Bb6 Be4 98. Ba7 Ke5 99. Bb6 Kf4 100. Ke1 Kg3 101. Ba7 Kg2 102. Bb6 Bc6 103. Ba7 Kg3 104. Bb6 Kf4 105. Ba7 Ke4 106. Bb6 Kd5 107. Kd2 Bb5 108. Ba7 Ke5 109. Bb6 Kf4 110. Ke1 Ba4 111. Ba7 Kg3 112. Bb6 Kg2 113. Ba7 Bd7 114. Bb6 f2+ 115. Bxf2 d2+ 116. Kxd2 1/2-1/2

[Event "Southend op 60th"]
[Site "Southend"]
[Date "2016.03.25"]
[Round "2"]
[White "Staples, Maurice J"]
[Black "Gregory, Stephen J"]
[Result "1-0"]
[WhiteElo "1960"]
[BlackElo "2042"]
[PlyCount "109"]
[EventDate "2016.03.25"]
[EventType "swiss"]
[EventRounds "7"]
[EventCountry "ENG"]
[SourceTitle "CBM 171 Extra"]
[Source "ChessBase"]
[SourceDate "2016.04.26"]
[SourceVersion "1"]
[SourceVersionDate "2016.04.26"]
[SourceQuality "1"]

1. e4 d6 2. d4 Nf6 3. f3 e5 4. d5 g6 5. c4 Bg7 6. Nc3 0-0 7. Be3 Ne8 8. Qd2 Nd7 9. 0-0-0 a5 10. g4 Nc5 11. h4 f5 12. g5 f4 13. Bxc5 dxc5 14. Qf2 Qd6 15. Na4 b6 16. Bh3 Bxh3 17. Nxh3 Qd7 18. Qc2 Nd6 19. b3 Rf7 20. Nf2 h5 21. gxh6 Bxh6 22. Rdg1 Kh7 23. Nd3 Qe7 24. Rg4 Rg7 25. Rhg1 Nf7 26. Nc3 Rag8 27. a4 Nd6 28. Nb5 Ne8 29. Qb2 Nf6 30. Nxe5 Nxg4 31. Nxg4 Rf7 32. e5 Bg7 33. h5 g5 34. Qc2+ Kh8 35. h6 Bf8 36. e6 Rh7 37. Qb2+ Bg7 38. hxg7+ Rgxg7 39. Ne5 Kg8 40. Nd7 Rh6 41. Nxc7 g4 42. fxg4 f3 43. Qd2 Qh4 44. Ne8 f2 45. Rf1 Rxg4 46. Qxf2 Qg5+ 47. Qd2 Qxd2+ 48. Kxd2 Rg2+ 49. Ke3 Rh3+ 50. Rf3 Rhh2 51. Rf8+ Kh7 52. Nef6+ Kg6 53. Rg8+ Kf5 54. Rxg2 Rxg2 55. e7 1-0

[Event "BCF-chT2b 1516 (4NCL)"]
[Site "England"]
[Date "2016.03.19"]
[Round "7.30"]
[White "Anilkumar, Anantha P"]
[Black "Gregory, Stephen J"]
[Result "0-1"]
[WhiteElo "1980"]
[BlackElo "2117"]
[PlyCount "54"]
[EventDate "2015.11.14"]
[EventType "team-tourn"]
[EventRounds "7"]
[EventCountry "ENG"]
[SourceTitle "EXT 2017"]
[Source "ChessBase"]
[SourceDate "2016.10.25"]
[SourceVersion "1"]
[SourceVersionDate "2016.10.25"]
[SourceQuality "1"]
[WhiteTeam "KJCA Kings"]
[BlackTeam "Anglian Avengers"]
[WhiteTeamCountry "ENG"]
[BlackTeamCountry "ENG"]

1. d4 Nf6 2. c4 Nc6 3. Nf3 d6 4. Nc3 e5 5. d5 Ne7 6. Bg5 Ng6 7. Qc2 Be7 8. h4 c6 9. 0-0-0 cxd5 10. cxd5 Bd7 11. h5 Nf8 12. e3 Qa5 13. Kb1 Rc8 14. Qb3 Rxc3 15. Qxc3 Qxc3 16. bxc3 Ne4 17. Bxe7 Nxc3+ 18. Kc1 Nxd1 19. Bxf8 Nxf2 20. Bxg7 Rg8 21. h6 Nxh1 22. Bd3 f5 23. Ng5 Ng3 24. Nxh7 Nh5 25. Nf6+ Nxf6 26. Bxf6 Kf7 27. h7 Rc8+ 0-1

[Event "BCF-chT3Sa 1516 (4NCL)"]
[Site "England"]
[Date "2015.11.14"]
[Round "1.76"]
[White "Rutter, Nicholas J"]
[Black "Gregory, Stephen J"]
[Result "1-0"]
[WhiteElo "2215"]
[BlackElo "2125"]
[PlyCount "195"]
[EventDate "2015.11.14"]
[EventType "team-swiss"]
[EventRounds "7"]
[EventCountry "ENG"]
[SourceTitle "CBM 169 Extra"]
[Source "ChessBase"]
[SourceDate "2015.12.18"]
[SourceVersion "1"]
[SourceVersionDate "2015.12.18"]
[SourceQuality "1"]

1. e4 d6 2. d4 Nf6 3. Nc3 g6 4. f4 Bg7 5. Nf3 c5 6. dxc5 Qa5 7. Qd3 Qxc5 8. Be3 Qc7 9. Bd4 0-0 10. e5 dxe5 11. Bxe5 Qc5 12. Bd4 Qf5 13. Qxf5 Bxf5 14. 0-0-0 Nc6 15. Bc5 b6 16. Nd4 Rfc8 17. Nxf5 gxf5 18. Ba3 Ng4 19. Rd2 Bd4 20. Nd1 a6 21. h3 Nf6 22. c3 Ne4 23. cxd4 Nxd4+ 24. Nc3 Nxd2 25. Kxd2 e6 26. Bd3 Ra7 27. Ke3 Nc6 28. Ne2 b5 29. b3 Rd7 30. g4 Rcd8 31. Bb1 Rd1 32. Rxd1 Rxd1 33. Bd3 Rh1 34. gxf5 Rxh3+ 35. Kd2 b4 36. Bb2 a5 37. fxe6 fxe6 38. Bc4 Kf7 39. f5 Rh2 40. fxe6+ Ke7 41. Ke3 Nd8 42. Be5 Rh1 43. Nd4 Rh3+ 44. Ke4 Rh4+ 45. Bf4 Kf6 46. Nf3 Rg4 47. Ne5 Rg7 48. Nd7+ Ke7 49. Kf5 Nxe6 50. Bxe6 Rg2 51. Nf6 Rxa2 52. Nxh7 a4 53. bxa4 Rxa4 54. Nf6 Kd8 55. Nd5 b3 56. Bg5+ Ke8 57. Bd7+ Kxd7 58. Nb6+ Kc6 59. Nxa4 Kb5 60. Nb2 Kb4 61. Ke4 Kc3 62. Bf6+ Kb4 63. Kd5 Kb5 64. Nd3 Kb6 65. Bb2 Kb5 66. Nc5 Kb4 67. Kd4 Kb5 68. Nxb3 Kc6 69. Nc5 Kd6 70. Ne4+ Ke6 71. Bc1 Kf5 72. Nf2 Ke6 73. Bf4 Kf5 74. Bg3 Ke6 75. Kc5 Kf5 76. Kd5 Kf6 77. Kd6 Kf5 78. Be5 Kg6 79. Ke6 Kg5 80. Bg3 Kg6 81. Bh4 Kh5 82. Be7 Kg6 83. Ng4 Kh5 84. Ne5 Kh6 85. Kf5 Kg7 86. Bg5 Kf8 87. Bf6 Ke8 88. Ke6 Kf8 89. Nf7 Ke8 90. Nd6+ Kf8 91. Be5 Kg8 92. Kf6 Kh7 93. Nf5 Kg8 94. Bd6 Kh7 95. Kf7 Kh8 96. Kg6 Kg8 97. Nh6+ Kh8 98. Be5# 1-0

[Event "Southend op 59th"]
[Site "Southend"]
[Date "2015.04.06"]
[Round "7"]
[White "Gregory, Stephen J"]
[Black "Bin Suhayl, Ieysaa"]
[Result "0-1"]
[WhiteElo "2059"]
[BlackElo "1879"]
[PlyCount "116"]
[EventDate "2015.04.03"]
[EventType "swiss"]
[EventRounds "7"]
[EventCountry "ENG"]
[SourceTitle "EXT 2017"]
[Source "ChessBase"]
[SourceDate "2016.10.25"]
[SourceVersion "1"]
[SourceVersionDate "2016.10.25"]
[SourceQuality "1"]

1. e4 e6 2. d3 d5 3. Nd2 Nf6 4. Ngf3 c5 5. g3 Nc6 6. Bg2 Be7 7. 0-0 0-0 8. Re1 b5 9. e5 Nd7 10. Nf1 b4 11. h4 a5 12. N1h2 a4 13. Ng4 Ba6 14. h5 Qb6 15. Bg5 Bxg5 16. Nxg5 h6 17. Nh3 c4 18. dxc4 Bxc4 19. b3 Bb5 20. Qd2 Qd4 21. Nxh6+ Kh7 22. Ng5+ Kxh6 23. Nxf7+ Kh7 24. Ng5+ Kg8 25. Rad1 Qxd2 26. Rxd2 Rfe8 27. Nxe6 Rxe6 28. Bxd5 Nc5 29. f4 Kf8 30. Bxe6 Nxe6 31. Rd5 Ned4 32. Kf2 axb3 33. axb3 Ra2 34. Re4 Rxc2+ 35. Ke1 Rc1+ 36. Kf2 Rf1+ 37. Kg2 Rd1 38. Kh3 Bf1+ 39. Kg4 Bg2 40. Rexd4 Nxd4 41. Rd8+ Ke7 42. Rg8 Kf7 43. Rb8 Bf3+ 44. Kg5 Rh1 45. g4 Ne6+ 46. Kf5 Re1 47. Rxb4 Nc5 48. Rc4 Be4+ 49. Kg5 Ne6+ 50. Kh4 Rh1+ 51. Kg3 Rg1+ 52. Kf2 Rg2+ 53. Ke3 Bd5 54. Ra4 Rg3+ 55. Ke2 Rxg4 56. f5 Rxa4 57. fxe6+ Kxe6 58. bxa4 Kxe5 0-1

[Event "BCF-chT2a 1415 (4NCL)"]
[Site "England"]
[Date "2015.02.15"]
[Round "6.99"]
[White "Gregory, Stephen J"]
[Black "Hewitt, William"]
[Result "1-0"]
[WhiteElo "2083"]
[BlackElo "2058"]
[PlyCount "63"]
[EventDate "2014.11.15"]
[EventType "team-tourn"]
[EventRounds "7"]
[EventCountry "ENG"]
[SourceTitle "EXT 2016"]
[Source "ChessBase"]
[SourceDate "2015.10.08"]
[SourceVersion "1"]
[SourceVersionDate "2015.10.08"]
[SourceQuality "1"]
[WhiteTeam "Anglian Avengers"]
[BlackTeam "Rhyfelwyr Essyllwg"]
[WhiteTeamCountry "ENG"]
[BlackTeamCountry "ENG"]

1. e4 c6 2. d4 d5 3. Nc3 dxe4 4. Nxe4 Nd7 5. Bg5 Qa5+ 6. Qd2 Qxd2+ 7. Nxd2 Ngf6 8. Ngf3 e6 9. Bd3 Be7 10. 0-0 Nd5 11. c4 Bxg5 12. cxd5 Bxd2 13. dxe6 Ba5 14. exd7+ Bxd7 15. h3 Be6 16. Rad1 0-0-0 17. b3 h6 18. Bc4 Rhe8 19. Rd3 Bd5 20. Re3 Bxf3 21. Rxf3 f6 22. Re3 b5 23. Bf7 Rxe3 24. fxe3 Kd7 25. Rf5 Ke7 26. Bg6 Rd5 27. Rf4 Rd8 28. Re4+ Kd6 29. Bf5 Rg8 30. Re6+ Kd5 31. Re7 g6 32. Rd7# 1-0

[Event "Hastings Masters op 90th"]
[Site "Hastings"]
[Date "2014.12.31"]
[Round "3"]
[White "Kyrkjebo, Marte Bakken"]
[Black "Gregory, Stephen J"]
[Result "0-1"]
[WhiteElo "1598"]
[BlackElo "2056"]
[PlyCount "94"]
[EventDate "2014.12.29"]
[EventType "swiss"]
[EventRounds "9"]
[EventCountry "ENG"]
[SourceTitle "CBM 164 Extra"]
[Source "ChessBase"]
[SourceDate "2015.03.02"]
[SourceVersion "1"]
[SourceVersionDate "2015.03.02"]
[SourceQuality "1"]

1. e4 d6 2. d4 Nf6 3. Nc3 g6 4. f3 Bg7 5. Be3 Nbd7 6. Qd2 e5 7. Nge2 a6 8. 0-0-0 h5 9. Bg5 c6 10. dxe5 dxe5 11. f4 Qe7 12. g3 0-0 13. Bg2 Nb6 14. Qd3 Bg4 15. Kb1 Rad8 16. Qe3 Nc4 17. Qc1 exf4 18. gxf4 Qb4 19. Rxd8 Rxd8 20. e5 Rd2 21. exf6 Bf8 22. Re1 Na3+ 23. Ka1 Rxc2 24. bxa3 Rxc1+ 25. Rxc1 Qxa3 26. h3 Be6 27. Rc2 Bb4 28. Be4 Qa5 29. Kb1 Bxh3 30. Bh4 Bg4 31. Bf2 Qd8 32. Bd4 Bxc3 33. Bxc3 Bxe2 34. Kb2 Qb6+ 35. Ka1 Qe3 36. Bg2 Qg1+ 37. Kb2 Qxg2 38. Rd2 h4 39. Bb4 Kh7 40. Bf8 h3 41. Rd8 Bb5+ 42. Kc3 Qf3+ 43. Kb2 Qe2+ 44. Kc3 h2 45. Bg7 Qd3+ 46. Rxd3 Bxd3 47. Kxd3 h1Q 0-1

[Event "Southend op 58th"]
[Site "Southend"]
[Date "2014.04.19"]
[Round "3"]
[White "Gregory, Stephen J"]
[Black "Gallagher, Daniel GH"]
[Result "1-0"]
[WhiteElo "2054"]
[BlackElo "1850"]
[PlyCount "63"]
[EventDate "2014.04.18"]
[EventType "swiss"]
[EventRounds "7"]
[EventCountry "ENG"]
[SourceTitle "EXT 2016"]
[Source "ChessBase"]
[SourceDate "2015.10.08"]
[SourceVersion "1"]
[SourceVersionDate "2015.10.08"]
[SourceQuality "1"]

1. e4 e5 2. Bc4 Nf6 3. Qe2 Nc6 4. Nf3 Bc5 5. d3 0-0 6. c3 d5 7. Bb5 Bg4 8. h3 Bh5 9. Bg5 dxe4 10. dxe4 Qe7 11. g4 Bg6 12. Bxc6 bxc6 13. Nbd2 Qe6 14. Nh4 h6 15. Bxf6 Qxf6 16. Nf5 Bxf5 17. exf5 Qe7 18. Ne4 Bb6 19. 0-0-0 Rfd8 20. g5 Rxd1+ 21. Rxd1 hxg5 22. h4 gxh4 23. Qg4 f6 24. Qxh4 Rd8 25. Rh1 Kf8 26. Qh8+ Kf7 27. Qh5+ Kg8 28. Qh7+ Kf8 29. Qg6 Kg8 30. Rh7 Qf7 31. Rh8+ Kxh8 32. Qxf7 1-0

[Event "BCF-chT3 1314 (4NCL)"]
[Site "England"]
[Date "2014.03.23"]
[Round "8.67"]
[White "Gregory, Stephen J"]
[Black "Ivell, Nicholas W"]
[Result "1-0"]
[WhiteElo "2054"]
[BlackElo "2279"]
[PlyCount "35"]
[EventDate "2013.11.16"]
[EventType "team-swiss"]
[EventRounds "11"]
[EventCountry "ENG"]
[SourceTitle "EXT 2015"]
[Source "ChessBase"]
[SourceDate "2014.11.20"]
[SourceVersion "1"]
[SourceVersionDate "2014.11.20"]
[SourceQuality "1"]
[WhiteTeam "Anglian Avengers II"]
[BlackTeam "Spirit of Atticus"]
[WhiteTeamCountry "ENG"]
[BlackTeamCountry "ENG"]

1. e4 c5 2. Nf3 e6 3. d3 Nc6 4. g3 d5 5. Nbd2 Nf6 6. Bg2 Be7 7. 0-0 0-0 8. Re1 dxe4 9. dxe4 e5 10. c3 Bg4 11. Qe2 Qd7 12. Nc4 Qe6 13. Ne3 Bh5 14. Nf5 Rfd8 15. Bh3 Ng4 16. Ng5 Bxg5 17. Bxg5 f6 18. Bc1 1-0

[Event "BCF-chT3 1314 (4NCL)"]
[Site "England"]
[Date "2014.03.22"]
[Round "7.85"]
[White "Hall, John"]
[Black "Gregory, Stephen J"]
[Result "1-0"]
[WhiteElo "2253"]
[BlackElo "2054"]
[PlyCount "73"]
[EventDate "2013.11.16"]
[EventType "team-swiss"]
[EventRounds "11"]
[EventCountry "ENG"]
[SourceTitle "EXT 2015"]
[Source "ChessBase"]
[SourceDate "2014.11.20"]
[SourceVersion "1"]
[SourceVersionDate "2014.11.20"]
[SourceQuality "1"]
[WhiteTeam "Leeds University Old Boys"]
[BlackTeam "Anglian Avengers II"]
[WhiteTeamCountry "ENG"]
[BlackTeamCountry "ENG"]

1. e4 d6 2. d4 Nf6 3. Nc3 g6 4. f4 Bg7 5. Nf3 c5 6. Bb5+ Bd7 7. e5 Ng4 8. e6 Bxb5 9. exf7+ Kd7 10. Nxb5 Qa5+ 11. Nc3 cxd4 12. Nxd4 Bxd4 13. Qxd4 Nc6 14. Qc4 Qb6 15. Qe2 h5 16. Bd2 Rhf8 17. 0-0-0 Rxf7 18. Rhe1 Nf6 19. Qe6+ Ke8 20. Be3 Qd8 21. Nb5 Kf8 22. f5 gxf5 23. Bh6+ Kg8 24. Qxf5 Kh8 25. Bg5 Qf8 26. Rf1 Qg7 27. Nxd6 Rff8 28. Bxf6 Rxf6 29. Qxh5+ Kg8 30. Rxf6 exf6 31. Qd5+ Kf8 32. Rf1 Rd8 33. Qe6 Qg5+ 34. Kb1 Rxd6 35. Qxd6+ Kg7 36. Rf3 Kf7 37. Qf4 1-0

[Event "BCF-chT3 1213 (4NCL)"]
[Site "England"]
[Date "2013.05.05"]
[Round "10.68"]
[White "Walker, Nicholas P"]
[Black "Gregory, Stephen J"]
[Result "1/2-1/2"]
[WhiteElo "2165"]
[BlackElo "2052"]
[PlyCount "74"]
[EventDate "2012.11.03"]
[EventType "team-swiss"]
[EventRounds "11"]
[EventCountry "ENG"]
[SourceTitle "EXT 2014"]
[Source "ChessBase"]
[SourceDate "2013.11.20"]
[SourceVersion "1"]
[SourceVersionDate "2013.11.20"]
[SourceQuality "1"]
[WhiteTeam "Hackney"]
[BlackTeam "Anglian Avengers II"]
[WhiteTeamCountry "ENG"]
[BlackTeamCountry "ENG"]

1. c4 Nf6 2. g3 d6 3. Bg2 e5 4. Nc3 g6 5. d4 Nbd7 6. Nf3 Bg7 7. 0-0 exd4 8. Nxd4 0-0 9. h3 Re8 10. Be3 h6 11. b4 Ne5 12. Qb3 c5 13. bxc5 dxc5 14. Nf3 Nxf3+ 15. exf3 Qe7 16. Rad1 b6 17. Bf4 Rd8 18. Nb5 Rxd1 19. Rxd1 Bb7 20. Bd6 Qe2 21. Bf4 Nh5 22. Rd7 Nxf4 23. gxf4 Bc6 24. Bf1 Qxf3 25. Qxf3 Bxf3 26. Bg2 Bxg2 27. Kxg2 a6 28. Nd6 f5 29. a4 Bf8 30. Kf3 Rb8 31. Nf7 b5 32. axb5 axb5 33. cxb5 Rxb5 34. Ne5 Rb3+ 35. Kg2 g5 36. Rd8 Kg7 37. Rd7+ Kg8 1/2-1/2